Women and the mafia [female roles in organized crime structures] (Registro nro. 89007)

Detalles MARC
000 -ENCABEZADO
Número de control [NR] 02316nam a22002657a 4500
008 - DE LONGITUD FIJA DE DATOS DE ELEMENTOS - INFORMACIÓN GENERAL
Elementos de longitud fija [NR] 130821s2007 xxua gr eng
020 ## - NUMERO INTERNACIONAL NORMALIZADO PARA LIBROS [R]
Número Internacional Normalizado del libro [NR] 0387365370
020 ## - NUMERO INTERNACIONAL NORMALIZADO PARA LIBROS [R]
Número Internacional Normalizado del libro [NR] 9780387365374
040 ## - FUENTE DE CATALOGACION [NR]
Agencia de catalogación original [NR] Co-BoUCM
Idioma de catalogación [NR] spa
041 00 - CODIGO DE IDIOMA [R]
Código de idioma para texto/pista de sonido o título separado [R] Inglés
130 0# - ASIENTO PRINCIPAL--TITULO UNIFORME [NR]
Título uniforme [NR] Donne e mafie.
Idioma de una obra [[NR] English
9 (RLIN) 171212
245 10 - MENCION DE TITULO [NR]
Título [NR] Women and the mafia [female roles in organized crime structures]
Mención de responsabilidad, etc. [NR] editores Giovanni Fiandaca ; [traducción Jackson].
260 ## - PUBLICACION, DISTRIBUCION, ETC. (PIE DE IMPRENTA) [R]
Lugar de publicación, distribución, etc. [R] Nueva York (Estados Unidos)
Nombre del editor, distribuidor, etc. [R] Springer
Fecha de publicación, distribución, etc. [R] c2007
300 ## - DESCRIPCION FISICA [R]
Extensión [R] vii, 308 páginas
Otros detalles físicos [NR] ilustraciones
490 1# - MENCION DE SERIE [R]
Mención de serie [R] Studies in organized crime
Designación numérica/secuencial del volumen [NR] v. 5
504 ## - NOTA DE BIBLIOGRAFIA, ETC. [R]
Nota de bibliografía, etc. [NR]
505 0# - NOTA DE CONTENIDO CON FORMATO PREESTABLECIDO [R]
Nota de contenido con formato preestablecido [NR] Introduction / Giovanni Fiandaca -- pt. 1. A history of women in the mafia. Doing it for themselves or standing in for their men? Women in the Neapolitan Camorra (1950-2003) / Felia Allum -- Mafia women: the affirmation of a female pseudo-subject. The case of the 'Ndrangheta / Renate Siebert -- Women in the 'Ndrangheta: the Serraino-Di Giovine case / Ombretta Ingrascì -- Women in the Sacra Corona Unita / Monica Massari and Cataldo Motta -- Symbolic domination and active power: female roles in criminal organizations / Alessandra Dino -- Women in mafia organizations / Franco Di Maria and Girolamo Lo Verso -- Women and other mafia-type criminal organizations / Ernesto Savona and Gioacchino Natoli -- Female visibility in the mafia world: press review 1980 to 2001 / Alessandra Dino ... [et al.] -- pt. 2. An international comparison. Women in organized crime in Albania / Fitore Paluca Belay -- Women in organized crime in Argentina / Adriana Rossi -- Women in organized crime in Brazil / Denise Frossard -- Women in organized crime in Japan / Ryu Otomo -- Women in organized crime in Germany / Eva Maria Kallinger -- Women in organized crime in Russia / Yakov Gilinsky -- Women in organized crime in the United States / Clare Longrigg -- pt. 3. Conclusion. The reasoning behind the research: an evaluation of the results / Teresa Principato.
650 04 - ASIENTO SECUNDARIO DE MATERIA - TERMINO TEMATICO [R]
Término temático o nombre geográfico como elemento de entrada [NR] Crimen organizado
Subdivisión general [R] Mujeres
9 (RLIN) 12141
650 04 - ASIENTO SECUNDARIO DE MATERIA - TERMINO TEMATICO [R]
Término temático o nombre geográfico como elemento de entrada [NR] Mafia
9 (RLIN) 18862
650 04 - ASIENTO SECUNDARIO DE MATERIA - TERMINO TEMATICO [R]
Término temático o nombre geográfico como elemento de entrada [NR] Problemas sociales
9 (RLIN) 22324
700 1# - ASIENTO SECUNDARIO - NOMBRE PERSONAL [R]
Nombre personal [NR] Fiandaca, Giovanni.
9 (RLIN) 164224
830 #0 - ASIENTO SECUNDARIO DE SERIE--TITULO UNIFORME [R]
Título uniforme [NR] Studies of organized crime
Designación numérica/secuencial del volumen [NR] v. 5.
9 (RLIN) 160642
942 ## - ELEMENTOS DE ENTRADA AGREGADOS (KOHA)
Tipo de ítem principal el descrito en 300a Libro
Tema principal Ciencia política
Edición 1
Parte restante de la signatura top. W872
Sistema de clasificación DEWEY
Clasificación 364.1066082
Existencias
Fecha de último préstamo Total préstamos Total Renewals Signatura topográfica Código de barras Última vez visto Ejemplar Price effective from Tipo de ítem Nota pública (OPAC) Perdido Sistema de clasificación Dañado No prestable Tipo de ítem específico Suprimido Ubicación habitual Ubicación actual Localización Fecha de creación Forma de adquisición Costo
17/01/2020 8 6 364.1066082 W872 100089460 04/12/2025 Ej.1 03/02/2013 Libro Spot Criminología e Investigación Criminal   DEWEY     Libro   Claustro Claustro 3er piso 30/09/2008 Compra 94655.00